Every Song by Black Sabbath - Statistics

General Stats
  • This quiz has been taken 77 times
    75 since last reset
  • The average score is 49 of 189
Answer Stats
Album Song % Correct
Black Sabbath(1970) Black Sabbath
98%
Paranoid(1970) Paranoid
96%
Dehumanizer(1992) I
88%
Paranoid(1970) War Pigs
88%
Paranoid(1970) Iron Man
84%
Master of Reality(1971) Children of the Grave
78%
Paranoid(1970) Planet Caravan
78%
Sabbath Bloody Sabbath(1973) Sabbath Bloody Sabbath
78%
Master of Reality(1971) Sweet Leaf
75%
Heaven and Hell(1980) Heaven and Hell
71%
Never Say Die!(1978) Never Say Die
71%
Black Sabbath(1970) N.I.B.
71%
Paranoid(1970) Electric Funeral
69%
Paranoid(1970) Fairies Wear Boots
69%
Mob Rules(1981) The Mob Rules
65%
Black Sabbath(1970) The Wizard
65%
Vol. 4(1972) Changes
61%
Born Again(1983) Born Again
57%
Seventh Star(1986) Seventh Star
57%
Vol. 4(1972) Snowblind
57%
Master of Reality(1971) Into the Void
55%
Headless Cross(1989) Headless Cross
53%
Paranoid(1970) Hand of Doom
51%
Paranoid(1970) Rat Salad
51%
Black Sabbath(1970) Sleeping Village
51%
Sabbath Bloody Sabbath(1973) A National Acrobat
49%
Black Sabbath(1970) Behind the Wall of Sleep
49%
Forbidden(1995) Forbidden
49%
Master of Reality(1971) Solitude
47%
Master of Reality(1971) After Forever
45%
13(2013) | The End(2016) God is Dead?
45%
Sabotage(1975) Hole in the Sky
45%
Vol. 4(1972) Supernaut
45%
Sabotage(1975) Symptom of the Universe
45%
Master of Reality(1971) Embryo
43%
Master of Reality(1971) Orchid
43%
The Eternal Idol(1987) Eternal Idol
41%
Master of Reality(1971) Lord of This World
41%
Sabbath Bloody Sabbath(1973) Sabbra Cadabra
41%
Black Sabbath(Bonus)(1970) Wicked World
41%
Heaven and Hell(1980) Children of the Sea
39%
Sabotage(1975) Megalomania
39%
Sabbath Bloody Sabbath(1973) Spiral Architect
39%
Vol. 4(1972) FX
37%
Sabbath Bloody Sabbath(1973) Killing Yourself to Live
37%
Heaven and Hell(1980) Neon Knights
37%
Vol. 4(1972) Wheels of Confusion
37%
Sabotage(1975) Am I Going Insane (Radio)
35%
Sabbath Bloody Sabbath(1973) Fluff
35%
Sabbath Bloody Sabbath(1973) Looking for Today
33%
Vol. 4(1972) Tomorrow's Dream
33%
Vol. 4(1972) Cornucopia
31%
13(Bonus)(2013) | Technical Ecstasy(1976) Dirty Women
31%
Vol. 4(1972) Laguna Sunrise
31%
Technical Ecstasy(1976) Rock 'n' Roll Doctor
31%
Vol. 4(1972) St. Vitus Dance
31%
The End(2016) | Vol. 4(1972) Under the Sun
31%
Sabbath Bloody Sabbath(1973) Who Are You?
31%
Sabotage(1975) The Writ
29%
We Sold Our Soul for Rock 'n' Roll(1976) Warning
27%
Born Again(1983) Zero the Hero
27%
Sabotage(1975) Don't Start (Too Late)
25%
Heaven and Hell(1980) Lady Evil
25%
Sabotage(1975) Supertzar
25%
Mob Rules(1981) The Sign of the Southern Cross
25%
Dehumanizer(1992) Computer God
24%
Technical Ecstasy(1976) It's Alright
24%
Never Say Die!(1978) Johnny Blade
24%
Never Say Die!(1978) Junior's Eyes
24%
Dehumanizer(1992) TV Crimes
24%
Never Say Die!(1978) A Hard Road
22%
Never Say Die!(1978) Air Dance
22%
Tyr(1990) Anno Mundi
22%
Technical Ecstasy(1976) Back Street Kids
22%
Heaven and Hell(1980) Die Young
22%
Born Again(1983) Digital Bitch
22%
Technical Ecstasy(1976) Gypsy
22%
Heaven and Hell(1980) Lonely is the Word
22%
13(2013) Loner
22%
Dehumanizer(1992) Time Machine
22%
Mob Rules(1981) Turn Up the Night
22%
Born Again(1983) Disturbing the Priest
20%
Tyr(1990) The Battle of Tyr
20%
Born Again(1983) Trashed
20%
Heaven and Hell(1980) Wishing Well
20%
The Eternal Idol(1987) Ancient Warrior
18%
Never Say Die!(1978) Breakout
18%
Mob Rules(1981) Country Girl
18%
Mob Rules(1981) E5150
18%
13(2013) | The End(2016) End of the Beginning
18%
Seventh Star(1986) No Stranger to Love
18%
Tyr(1990) Odin's Court
18%
Mob Rules(1981) Over and Over
18%
Mob Rules(1981) Slipping Away
18%
Born Again(1983) Stonehenge
18%
Never Say Die!(1978) Swinging the Chain
18%
Tyr(1990) The Sabbath Stones
18%
Tyr(1990) Valhalla
18%
Mob Rules(1981) Voodoo
18%
Heaven and Hell(1980) Walk Away
18%
Headless Cross(1989) When Death Calls
18%
13(2013) Zeitgeist
18%
Mob Rules(1981) Falling Off the Edge of the World
16%
Tyr(1990) Jerusalem
16%
The Eternal Idol(1987) Scarlet Pimpernel
16%
Seventh Star(1986) Sphinx (The Guardian)
16%
Born Again(Bonus)(1983) The Fallen
16%
Headless Cross(1989) The Gates of Hell
16%
Tyr(1990) The Law Maker
16%
The Eternal Idol(1987) The Shining
16%
Dehumanizer(1992) After All (The Dead)
14%
Technical Ecstasy(1976) All Moving Parts (Stand Still)
14%
Headless Cross(1989) Black Moon
14%
Headless Cross(1989) Cloak and Dagger
14%
Seventh Star(1986) Danger Zone
14%
Seventh Star(1986) Heart Like a Wheel
14%
Born Again(1983) Hot Line
14%
Cross Purposes(1994) Immaculate Deception
14%
Cross Purposes(1994) I Witness
14%
The Eternal Idol(1987) Nightmare
14%
Headless Cross(1989) Nightwing
14%
Born Again(1983) The Dark
14%
Sabotage(1975) Thrill of it All
14%
Cross Purposes(1994) Virtual Death
14%
Technical Ecstasy(1976) You Won't Change Me
14%
Headless Cross(1989) Call of the Wild
12%
Cross Purposes(1994) Cross of Thorns
12%
13(2013) Dear Father
12%
Headless Cross(1989) Devil & Daughter
12%
The Eternal Idol(1987) Glory Ride
12%
Seventh Star(1986) In for the Kill
12%
Born Again(1983) Keep it Warm
12%
Dehumanizer(1992) Letters from Earth
12%
13(Bonus)(2013) Methademic
12%
Never Say Die!(1978) Over to You
12%
Technical Ecstasy(1976) She's Gone
12%
Seventh Star(1986) Turn to Stone
12%
Seventh Star(1986) Angry Heart
10%
The Eternal Idol(1987) Born to Lose
10%
Dehumanizer(1992) Buried Alive
10%
Cross Purposes(1994) Cardinal Sin
10%
Cross Purposes(1994) Dying for Love
10%
Tyr(1990) Feels Good to Me
10%
Forbidden(1995) Get a Grip
10%
The Eternal Idol(1987) Hard Life to Love
10%
Tyr(1990) Heaven in Black
10%
Seventh Star(1986) In Memory...
10%
The Eternal Idol(1987) Lost Forever
10%
Dehumanizer(1992) Master of Insanity
10%
The End(2016) Season of the Dead
10%
Never Say Die!(1978) Shock Wave
10%
13(2013) | The End(2016) Age of Reason
8%
Cross Purposes(1994) Back to Eden
8%
Black Sabbath: The Dio Years(2007) Ear in the Wall
8%
Cross Purposes(1994) Evil Eye
8%
Headless Cross(1989) Kill in the Spirit World
8%
Forbidden(1995) Kiss of Death
8%
13(Bonus)(2013) Pariah
8%
Cross Purposes(1994) Psychophobia
8%
Dehumanizer(1992) Sins of the Father
8%
Cross Purposes(1994) The Hand That Rocks the Cradle
8%
Forbidden(1995) The Illusion of Power
8%
Dehumanizer(1992) Too Late
8%
Forbidden(1995) Can't Get Close Enough
6%
The End(2016) Cry All Night
6%
13(2013) Damaged Soul
6%
13(2013) Live Forever
6%
13(Bonus)(2013) Peace of Mind
6%
Forbidden(1995) Rusty Angels
6%
Forbidden(1995) Shaking Off the Chains
6%
Forbidden(1995) Sick and Tired
6%
The Eternal Idol(Bonus)(1987) Some Kind of Woman
6%
Black Sabbath: The Dio Years(2007) The Devil Cried
6%
Cross Purposes(Bonus)(1994) Whats the Use?
6%
Master of Reality(Bonus)(1971) Deathmask
4%
Forbidden(1995) Guilty as Hell
4%
The End(2016) Isolated Man
4%
Forbidden(1995) I Won't Cry for You
4%
Forbidden(Bonus)(1995) Loser Gets it All
4%
Black Sabbath: The Dio Years(2007) Shadow of the Wind
4%
13(Bonus)(2013) Naïveté in Black
2%
Master of Reality(Bonus)(1971) Step Up
2%
The End(2016) Take Me Home
2%
Master of Reality(Bonus)(1971) The Haunting
2%
No matching quizzes found
Score Distribution
Percent of People with Each Score
Percentile by Number Answered
Your Score History
You have not taken this quiz since the last reset